| 000 | 01248cam a2200289 4500 | ||
|---|---|---|---|
| 008 | 000000n2003 000 0 eng u | ||
| 020 | _a0471998826 | ||
| 035 | _a(Sirsi) u109667 | ||
| 041 | _aeng. | ||
| 050 |
_a333.332 _c18 |
||
| 100 | _aAdams, Andrew | ||
| 245 | _aInvestment mathematics | ||
| 260 |
_aChichester _bJohn Wiley and Sons _c2003 |
||
| 300 |
_a419p. _bill. _c25cm. |
||
| 350 | _a29.95 | ||
| 520 | _aAimed at practitioners in the investment world, particularly those studying for professional examinations, this book provides a grounding in investment mathematics together with applications in the investment area. Part I looks at the fundamental analysis of investments from a mathematical viewpoint. Part II provides the statistical background required by investment specialists, and Part III deals with a number of specialist topics including modern portfolio theory and asset pricing, and market indices. | ||
| 650 | _aINVESTMENT | ||
| 650 | _aMATHEMATICS | ||
| 650 | _aASSET PRICING MODELS | ||
| 650 | _aPORTFOLIO THEORY | ||
| 650 | _aINVESTMENT METHODS | ||
| 690 | _aPROPERTY-PROPERTY APPRAISAL AND VALUATION | ||
| 700 | _aBooth, Philip | ||
| 700 | _aBowie, David | ||
| 700 | _aFreeth, Della | ||
| 942 | _n0 | ||
| 999 |
_c100971 _d100971 |
||